LEADER 01369nam a2200301 a 4500 001 000000022084 003 CaOOAMICUS 005 20131212113202.0 008 950418s1983 be c u000 u dut r 035 $a10550183 040 $aPUL(R)$bita 245 00$aPascua Mediaevalia :$bstudies voor Prof. Dr. J.M. De Smet. /$credaktie: R. Lievens - E. Van Mingroot - W. Verbeke. 260 $aLeuven :$bUniversitaire pers Leuven,$c1983. 300 $axii, 691 p. :$b1 tav. (ritr.) ;$c25 cm 490 1 $aMediaevalia Lovaniensia.$aSeries 1, Studia ;$v10 500 $aInclude indici. 504 $aBibliografia a pič pagina. 600 14$aDe Smet, J.M.$0(OLS)http://pul/subject/13975 700 1 $aLievens, R.$q(Robrecht).$0(OLS)http://pul/name/18794 700 1 $aMingroot, Erik van.$0(OLS)http://pul/name/18796 700 1 $aVerbeke, W.$0(OLS)http://pul/name/18795 830 0$aMediaevalia Lovaniensia.$nSeries 1,$pStudia ;$v10.$0(OLS)http://pul/title/1024 850 $aPUL 852 $aPUL$W1$xSL Diritto e Scienze Sociali 1$y4$m208 A 4.11$j31029$nBK-PRI$qStampati$B31029$CPULBib$Z2$F31029 $H51250 $81 941 1 $a8 961 $aINV: 51250 996 $6245$aPascua Mediaevalia :$bstudies voor Prof. Dr. J.M. De Smet.$9(OLS)http://pul/title/30828 996 $6260$aLeuven :$bUniversitaire pers Leuven$9(OLS)http://pul/publisher/57450 LEADER 01256nam a2200289 a 4500 001 000000153837 003 CaOOAMICUS 005 20160913163208.0 008 160913s1964 it u000 u ita r 032 $aLibriCat 040 $aPUL$bita 100 1 $aDeutscher, Isaac,$d1907-1967.$0(OLS)http://pul/name/33095 245 13$aIl comunismo tra Krusciov e Mao /$cIsaac Deutscher. 260 $aRoma ;$aBari :$bLaterza,$c1964. 300 $a97 p. ;$c21 cm. 490 1 $aLibri del tempo (Laterza) ;$v87 504 $aBibliografia in nota a pič pagina. 600 04$aMao Tse-tung,$d1893-1976$xPensiero politico e sociale.$0(OLS)http://pul/subject/22883 600 14$aKruscev, Nikita$xPensiero politico e sociale.$0(OLS)http://pul/subject/23553 650 4$aComunismo$xCritica e interpretazione.$0(OLS)http://pul/subject/21577 830 0$aLibri del tempo (Laterza) ;$v87.$0(OLS)http://pul/title/7260 850 $aPUL 852 $aPUL$W1$xDP1 Fondo G. Barberini$y122$m4 C 7$j44472$qFondi$B179804$CPULBib$Z2$F179804 $HBar1491 $81 941 1 $a1 996 $6245$aIl comunismo tra Krusciov e Mao$9(OLS)http://pul/title/193380 996 $6260$aRoma ;$aBari :$bLaterza$9(OLS)http://pul/publisher/57682